| 000 | 00986nas a2200337 4500 | ||
|---|---|---|---|
| 001 | BR0303990 | ||
| 003 | BR-BrBNA | ||
| 005 | 20231205103953.0 | ||
| 007 | ta | ||
| 008 | 230509b bl.|||p| |||| 00| 00por d | ||
| 040 |
_aBR-BrBNA _bpor _cBiblioteca Nacional de Agricultura |
||
| 041 | _a(Pt) | ||
| 072 | _aJ11 | ||
| 100 | 1 | _aMartins, L.P. | |
| 100 | 1 | _aSilva, S. de M. | |
| 100 | 1 | _aAlves, R.E. | |
| 100 | 1 | _aFilgueiras, H.A.C. | |
| 245 | 1 | _aFisiologia do dano pelo frio em ciriguela (Spondias purpurea L.) | |
| 650 | _aCERIGUELA | ||
| 650 | _aMATURAÇÃO | ||
| 650 | _aFISIOLOGIA VEGETAL | ||
| 650 | _aREFRIGERAÇÃO | ||
| 650 | _aPÓS-COLHEITA | ||
| 650 | _aDANO PELO FRIO | ||
| 650 | _aARMAZENAMENTO | ||
| 650 | _aANÁLISE COMPARATIVA | ||
| 650 | _aMÉTODO ESTATÍSTICO | ||
| 773 | 0 |
_tRevista Brasileira de Fruticultura (Brazil) _xISSN 0100-2945 _g(Apr 2003), v. 25(1) p. 23-26 _wBR0303990 |
|
| 909 |
_a202311 _bLúcia _c55 _dLúcia Elande |
||
| 942 |
_2AGRIS _n0 _cANA |
||
| 999 |
_c175725 _d175725 |
||